Climate Change and Gender Justice (Record no. 7279)

MARC details
000 -LEADER
fixed length control field 02803cam a22003617a 4500
001 - CONTROL NUMBER
control field 16137365
003 - CONTROL NUMBER IDENTIFIER
control field OSt
005 - DATE AND TIME OF LATEST TRANSACTION
control field 20240412113933.0
008 - FIXED-LENGTH DATA ELEMENTS--GENERAL INFORMATION
fixed length control field 100316s2009 enka b 001 0 eng d
010 ## - LIBRARY OF CONGRESS CONTROL NUMBER
LC control number 2010399215
020 ## - INTERNATIONAL STANDARD BOOK NUMBER
International Standard Book Number 9781853396939
020 ## - INTERNATIONAL STANDARD BOOK NUMBER
International Standard Book Number 1853396931
035 ## - SYSTEM CONTROL NUMBER
System control number (OCoLC)ocn320189879
040 ## - CATALOGING SOURCE
Original cataloging agency BTCTA
Transcribing agency DDC
Modifying agency BWK
-- OCLCQ
-- YDXCP
-- UAT
-- UBY
-- CDX
-- AGL
-- DLC
042 ## - AUTHENTICATION CODE
Authentication code lccopycat
050 00 - LIBRARY OF CONGRESS CALL NUMBER
Classification number QC903
Item number .C5448 2009
082 ## - DEWEY DECIMAL CLASSIFICATION NUMBER
Classification number 551.64 CLI 2009
100 ## - MAIN ENTRY--PERSONAL NAME
Personal name Edited by Terry,Geraldine; Sweetman,Caroline
9 (RLIN) 16954
245 00 - TITLE STATEMENT
Title Climate Change and Gender Justice
260 ## - PUBLICATION, DISTRIBUTION, ETC. (IMPRINT)
Place of publication, distribution, etc. UK;
Name of publisher, distributor, etc. Oxfam,
Date of publication, distribution, etc. c2009.
300 ## - PHYSICAL DESCRIPTION
Extent vi,201p.
Other physical details ill.
Dimensions 24cm.
440 #0 - SERIES STATEMENT/ADDED ENTRY--TITLE
Title Working in gender & development
9 (RLIN) 9546
504 ## - BIBLIOGRAPHY, ETC. NOTE
Bibliography, etc Includes; bibliographical references & index.
505 0# - FORMATTED CONTENTS NOTE
Formatted contents note Introduction / Geraldine Terry -- Gender and climate hazards in Bangladesh / Terry Cannon -- Reducing risk and vulnerability to climate change in India: the capabilities approach / Marlene Roy and Henry David Venema -- Gendering responses to El Niño in rural Peru / Rosa Rivero Reyes -- Engendering adaptation to climate variability in Gujarat, India / Sara Ahmed and Elizabeth Fajber -- Resilience, power, culture, and climate: a case study from semi-arid Tanzania, and new research directions / Valerie Nelson and Tanya Stathers -- Gender, water, and climate change in Sonora, Mexico: implications for policies and programmes on agricultural income-generation / Stephanie Buechler -- Building gendered approaches to adaptation in the Pacific / Ruth Lane and Rebecca McNaught -- The Noel Kempff project in Bolivia: gender, power, and decision-making in climate mitigation / Emily Boyd -- Climate change and sustainable technology: re-linking poverty, gender, and governance / Sam Wong -- The bio-fuel frenzy: what options for rural women? A case of rural development schizophrenia / Nidhi Tandon -- Women's rights and climate change: using video as a tool for empowerment in Nepal / Marion Khamis, Tamara Plush, and Carmen Sepulveda Zelaya -- Engendering the climate-change negotiations: experiences, challenges, and steps forward / Minu Hemmati and Ulrike Röhr -- Conclusion / Geraline Terry.
650 #0 - SUBJECT ADDED ENTRY--TOPICAL TERM
Topical term or geographic name as entry element Climatic change
9 (RLIN) 5850
650 #0 - SUBJECT ADDED ENTRY--TOPICAL TERM
Topical term or geographic name as entry element Gender justice
9 (RLIN) 16955
856 42 - ELECTRONIC LOCATION AND ACCESS
Materials specified Contributor biographical information
Uniform Resource Identifier <a href="http://www.loc.gov/catdir/enhancements/fy1116/2010399215-b.html">http://www.loc.gov/catdir/enhancements/fy1116/2010399215-b.html</a>
856 42 - ELECTRONIC LOCATION AND ACCESS
Materials specified Publisher description
Uniform Resource Identifier <a href="http://www.loc.gov/catdir/enhancements/fy1116/2010399215-d.html">http://www.loc.gov/catdir/enhancements/fy1116/2010399215-d.html</a>
856 41 - ELECTRONIC LOCATION AND ACCESS
Materials specified Table of contents only
Uniform Resource Identifier <a href="http://www.loc.gov/catdir/enhancements/fy1116/2010399215-t.html">http://www.loc.gov/catdir/enhancements/fy1116/2010399215-t.html</a>
906 ## - LOCAL DATA ELEMENT F, LDF (RLIN)
a 7
b cbc
c copycat
d 2
e ncip
f 20
g y-gencatlg
942 ## - ADDED ENTRY ELEMENTS (KOHA)
Source of classification or shelving scheme Dewey Decimal Classification
Koha item type Open Shelf
Holdings
Withdrawn status Lost status Source of classification or shelving scheme Damaged status Not for loan Home library Current library Date acquired Source of acquisition Inventory number Total Checkouts Full call number Barcode Date last seen Koha item type
    Dewey Decimal Classification     MUST Main Library MUST Main Library 27/09/2021 Donation 11/34792   551.64 CLI 2009 2021-1253 27/09/2021 Open Shelf
    Dewey Decimal Classification     MUST Main Library MUST Main Library 27/09/2021 Donation 11/32839   551.64 CLI 2009 2021-1254 27/09/2021 Open Shelf
    Dewey Decimal Classification     MUST Main Library MUST Main Library 12/04/2024 Donation 11/34791   551.64 CLI 2009 2024-0130 12/04/2024 Open Shelf